Loading...
History - American History | 0 | 6 | 0 | 0 | 60 | 16 | 51.00 | 3 | 4 |
History - European History | 0 | 6 | 1 | 2 | 55 | 22 | 66.33 | 2 | 3 |
Mythology | 0 | 5 | 0 | 0 | 50 | 58 | 82.60 | 0 | 2 |
History - Other History | 0 | 5 | 1 | 0 | 45 | 19 | 81.60 | 1 | 2 |
Philosophy | 0 | 3 | 0 | 1 | 30 | 91 | 100.67 | 0 | 0 |
History - World History | 0 | 3 | 0 | 0 | 30 | 36 | 72.00 | 0 | 3 |
Literature - American Literature | 0 | 3 | 0 | 1 | 30 | 87 | 101.33 | 0 | 0 |
Science - Biology | 0 | 2 | 0 | 0 | 20 | 79 | 86.50 | 0 | 0 |
Fine Arts - Classical Music | 0 | 2 | 0 | 1 | 20 | 112 | 113.00 | 0 | 0 |
Literature - British Literature | 0 | 2 | 0 | 0 | 20 | 52 | 59.50 | 0 | 1 |
Literature - European Literature | 0 | 2 | 0 | 0 | 20 | 125 | 125.00 | 0 | 0 |
Current Events | 0 | 2 | 0 | 0 | 20 | 67 | 88.00 | 0 | 0 |
Religion | 0 | 2 | 0 | 0 | 20 | 22 | 61.50 | 1 | 1 |
Science - Other Science | 0 | 2 | 0 | 0 | 20 | 78 | 81.00 | 0 | 1 |
Fine Arts - Other Fine Arts | 0 | 2 | 1 | 0 | 15 | 54 | 79.50 | 0 | 0 |
Literature - World Literature | 0 | 1 | 0 | 0 | 10 | 18 | 18.00 | 1 | 1 |
Geography | 0 | 1 | 0 | 0 | 10 | 82 | 82.00 | 0 | 0 |
Painting/Sculpture | 0 | 1 | 0 | 1 | 10 | 107 | 107.00 | 0 | 0 |
Pop Culture | 0 | 1 | 0 | 0 | 10 | 95 | 95.00 | 0 | 0 |
Science - Chemistry | 0 | 1 | 0 | 1 | 10 | 99 | 99.00 | 0 | 0 |
Social Science | 0 | 1 | 1 | 0 | 5 | 77 | 77.00 | 0 | 1 |
Science - Physics | 0 | 0 | 0 | 0 | 0 | 0.00 | 0 | 0 |